| 000 | 00627nam a22002057a 4500 | ||
|---|---|---|---|
| 003 | OSt | ||
| 005 | 20180116183020.0 | ||
| 008 | 151110b xxu||||| |||| 00| 0 eng d | ||
| 020 | _a9788131517369 | ||
| 040 | _c0 | ||
| 082 | _a005.74 COR 2014 | ||
| 100 | _aCoronel Morris Rob | ||
| 245 |
_aDatabase Principles Fundamentals of Design, Implementation, and Management _cCoronel Morris Rob |
||
| 250 | _a9th | ||
| 260 |
_aIndia _bCengage Learning _c2014 |
||
| 300 |
_a698 p. _bPB |
||
| 440 | _aDatabase Principles Fundamentals of Design, Implementation, and Management | ||
| 600 | _aCoronel Morris Rob | ||
| 942 |
_2ddc _cBK |
||
| 999 |
_c350539 _d350539 |
||